00503nam a2200181Ii 45000010005000000030009000050080041000140400033000550410008000880820013000961000018001092450027001272640074001543000012002283360026002403370028002663380027002943932CO-ViMGA241108s9999||||xx |||||||||||||| ||und|| aCO-ViMGAbspaerdacCO-ViMGA0 aunk04a371.1-B81 aJ. M. Buck de10aEducadores a la deriva 1a[Lugar de publicación no identificado] : Desclée de Brouwer, 1961 avolumen atextbtxt2rdacontent aunmediatedbn2rdamedia avolumebnc2rdacarrier